| 000 | 01507cam a22003737a 4500 | ||
|---|---|---|---|
| 001 | 17678351 | ||
| 003 | OSt | ||
| 005 | 20231019090345.0 | ||
| 008 | 130329s2009 enka 001 0 eng | ||
| 010 | _a 2012540840 | ||
| 015 |
_aGBA8C1018 _2bnb |
||
| 016 | 7 |
_a101504026 _2DNLM |
|
| 016 | 7 |
_a014782614 _2Uk |
|
| 020 | _a9780340959046 (pbk.) | ||
| 020 | _a0340959045 (pbk.) | ||
| 035 | _a(OCoLC)ocn263294361 | ||
| 040 |
_aNLM _beng _cNLM _dUKM _dYDXCP _dBWKUK _dCDX _dEUM _dMIX _dDLC |
||
| 042 |
_anlmcopyc _alccopycat |
||
| 050 | 0 | 0 |
_aRB111 _b.P338 2009 |
| 060 | 0 | 0 | _a2009 E-662 |
| 060 | 1 | 0 |
_aQZ 18.2 _bP29685 2009 |
| 082 | 0 | 4 |
_aQZ 18 P274b 2009 _222 |
| 100 |
_aNewell, Barry A. T.; [et....al] _91942 |
||
| 245 | 0 | 0 | _aPathology in Clinical Practice :50 case studies |
| 260 |
_aLondon; _bHodder Education, _c2009. |
||
| 300 |
_avii, 213 p. : _bill. (chiefly col.); _c25 cm. |
||
| 500 | _aIncludes indexes. | ||
| 520 |
_aThis title features 50 structured clinical scenarios to help readers consolidate existing knowledge about pathology. Each case is based on a clinical situation that pulls together the key pathological, radiological and clinical aspects of a condition, while the questions and answers highlight diagnostic avenues-- _cSource other than Library of Congress. |
||
| 650 | 0 |
_aPathology MCQs _91938 |
|
| 650 | 0 |
_aDiagnosis, Laboratory _91939 |
|
| 906 |
_a7 _bcbc _ccopycat _d2 _encip _f20 _gy-gencatlg |
||
| 942 |
_2z _cSLOAN |
||
| 999 |
_c728 _d728 |
||